The little black book of red tape : tales of red tape and jobsworths (Record no. 56920)

MARC details
000 -LEADER
fixed length control field 00533nam a2200193Ia 4500
008 - FIXED-LENGTH DATA ELEMENTS--GENERAL INFORMATION
fixed length control field 191130s2008##################000#0#eng##
020 ## - INTERNATIONAL STANDARD BOOK NUMBER
ISBN 9780752893792
082 ## - DEWEY DECIMAL CLASSIFICATION NUMBER
Classification number 351.41 VIN
100 ## - MAIN ENTRY--AUTHOR NAME
Personal name Vince, Ian
245 ## - TITLE STATEMENT
Title The little black book of red tape : tales of red tape and jobsworths
Statement of responsibility, etc Ian Vince
260 ## - PUBLICATION, DISTRIBUTION, ETC. (IMPRINT)
Place of publication London
Name of publisher Orion Books Ltd
Year of publication 2008
300 ## - PHYSICAL DESCRIPTION
Number of Pages 182 p
650 ## - SUBJECT ADDED ENTRY--TOPICAL TERM
Topical Term Bureaucracy
Topical Term Great Britain
991 ## -
-- 47754
Holdings
Withdrawn status Lost status Damaged status Not for loan Home library Current library Shelving location Date acquired Full call number Accession Number Price effective from Koha item type
        Anna Centenary Library Anna Centenary Library 4TH FLOOR, A WING 09.10.2020 351.41 VIN 507562 09.10.2020 English Books

Find us on the map